[Event "FRA-ch Seniors"]
[Site "Nimes"]
[Date "2018.08.26"]
[Round "9"]
[White "Saucey, Michel"]
[Black "Vareille, Francois"]
[Result "1/2-1/2"]
[WhiteElo "2283"]
[BlackElo "2421"]
[PlyCount "50"]
[EventDate "2018.08.18"]
[EventType "swiss"]
[EventRounds "9"]
[EventCountry "FRA"]
[SourceTitle "EXT 2020"]
[Source "ChessBase"]
[SourceDate "2019.10.17"]
[SourceVersion "1"]
[SourceVersionDate "2019.10.17"]
[SourceQuality "1"]

1. d4 Nf6 2. c4 g6 3. Nc3 d5 4. Bf4 Bg7 5. e3 0-0 6. Rc1 Be6 7. c5 c6 8. Bd3 b6 9. cxb6 axb6 10. h3 c5 11. Nf3 Nc6 12. Ne5 Nxe5 13. Bxe5 Bc8 14. 0-0 e6 15. b3 cxd4 16. exd4 Ne8 17. Bxg7 Kxg7 18. Qe2 Nd6 19. Nb5 Nxb5 20. Bxb5 Bd7 21. Bd3 Qf6 22. Rfd1 Rfc8 23. Rxc8 Rxc8 24. Ba6 Ra8 25. Bd3 Rc8 1/2-1/2

[Event "FRA-chT2 West 0809"]
[Site "France"]
[Date "2009.01.18"]
[Round "6.1"]
[White "Lejarre, Ludovic"]
[Black "Vareille, Francois"]
[Result "1/2-1/2"]
[WhiteElo "2385"]
[BlackElo "2406"]
[PlyCount "62"]
[EventDate "2008.10.19"]
[EventType "team-tourn"]
[EventRounds "11"]
[EventCountry "FRA"]
[SourceTitle "EXT 2010"]
[Source "ChessBase"]
[SourceDate "2010.11.25"]
[SourceVersion "1"]
[SourceVersionDate "2010.11.25"]
[SourceQuality "1"]
[WhiteTeam "Rennes Paul Bert"]
[BlackTeam "Le Chesnay"]
[WhiteTeamCountry "FRA"]
[BlackTeamCountry "FRA"]

1. e4 e6 2. d4 d5 3. Nc3 Nf6 4. e5 Nfd7 5. f4 c5 6. Nf3 Nc6 7. Be3 a6 8. Qd2 cxd4 9. Nxd4 Bc5 10. 0-0-0 0-0 11. h4 Nxd4 12. Bxd4 b5 13. Rh3 b4 14. Na4 Bxd4 15. Qxd4 Qa5 16. b3 Bb7 17. c3 Rfc8 18. Kb2 bxc3+ 19. Rxc3 Rxc3 20. Qxc3 Qd8 21. Rc1 Rc8 22. Qb4 Rxc1 23. Kxc1 Qc7+ 24. Kb2 f6 25. Qe7 fxe5 26. Qxe6+ Kf8 27. fxe5 Nxe5 28. Bxa6 Bxa6 29. Qxa6 d4 30. Qb5 Qd6 31. Qe2 Qf6 1/2-1/2

[Event "FRA-chT2 West 0809"]
[Site "France"]
[Date "2008.11.22"]
[Round "2.1"]
[White "Bergez, Luc"]
[Black "Vareille, Francois"]
[Result "1/2-1/2"]
[WhiteElo "2361"]
[BlackElo "2406"]
[PlyCount "28"]
[EventDate "2008.10.19"]
[EventType "team-tourn"]
[EventRounds "11"]
[EventCountry "FRA"]
[SourceTitle "EXT 2010"]
[Source "ChessBase"]
[SourceDate "2010.11.25"]
[SourceVersion "1"]
[SourceVersionDate "2010.11.25"]
[SourceQuality "1"]
[WhiteTeam "Evry Grand Roque II"]
[BlackTeam "Le Chesnay"]
[WhiteTeamCountry "FRA"]
[BlackTeamCountry "FRA"]

1. Nf3 Nf6 2. g3 g6 3. b3 Bg7 4. Bb2 d6 5. Bg2 e5 6. d4 e4 7. Nfd2 d5 8. Ba3 Nc6 9. e3 Bf5 10. c4 Ne7 11. cxd5 Nexd5 12. Qc2 Bf8 13. Bxf8 Kxf8 14. a3 Kg7 1/2-1/2

[Event "FRA-chT2 0304"]
[Site "France"]
[Date "2004.02.01"]
[Round "7"]
[White "Houhou, Olivier"]
[Black "Vareille, Francois"]
[Result "0-1"]
[WhiteElo "2243"]
[BlackElo "2397"]
[PlyCount "68"]
[EventDate "2003.10.??"]
[EventType "team"]
[EventRounds "11"]
[EventCountry "FRA"]
[SourceTitle "EXT 2005"]
[Source "ChessBase"]
[SourceDate "2004.11.15"]
[SourceVersion "1"]
[SourceVersionDate "2004.11.15"]
[SourceQuality "1"]

1. e4 c5 2. c3 g6 3. d4 cxd4 4. cxd4 d5 5. exd5 Nf6 6. Nc3 Bg7 7. Qb3 0-0 8. Be2 Nbd7 9. Bf3 Nb6 10. Bf4 Bf5 11. Rd1 Qd7 12. h3 h5 13. Nge2 Rfd8 14. d6 exd6 15. 0-0 Rac8 16. Rfe1 Re8 17. Ng3 Rxe1+ 18. Rxe1 Bd3 19. Qd1 Ba6 20. Be2 Nfd5 21. Nxd5 Nxd5 22. Bg5 Bxe2 23. Qxe2 Qa4 24. b3 Qb4 25. Qe4 Nc3 26. Qe7 Bxd4 27. Re6 Qc5 28. Nxh5 Qf5 29. Rxd6 Bxf2+ 30. Kh2 gxh5 31. Rf6 Bg3+ 32. Kxg3 Ne4+ 33. Kh2 Nxf6 34. Bxf6 Qf4+ 0-1

[Event "FRA-chT2 0304"]
[Site "France"]
[Date "2003.10.12"]
[Round "1"]
[White "Vareille, Francois"]
[Black "Verat, Laurent"]
[Result "1-0"]
[WhiteElo "2397"]
[BlackElo "2302"]
[PlyCount "71"]
[EventDate "2003.10.??"]
[EventType "team"]
[EventRounds "11"]
[EventCountry "FRA"]
[SourceTitle "EXT 2005"]
[Source "ChessBase"]
[SourceDate "2004.11.15"]
[SourceVersion "1"]
[SourceVersionDate "2004.11.15"]
[SourceQuality "1"]

1. d4 Nf6 2. c4 e6 3. Nc3 Bb4 4. e3 0-0 5. Bd3 d5 6. cxd5 exd5 7. Nge2 c5 8. a3 Bxc3+ 9. bxc3 b6 10. 0-0 Ba6 11. Bxa6 Nxa6 12. f3 Nb8 13. Ng3 Nc6 14. Ra2 Re8 15. Re2 Qd7 16. Bb2 Rad8 17. Kh1 h5 18. Kg1 Re7 19. Qd3 Ree8 20. Rd1 g6 21. Nh1 h4 22. Nf2 Nh5 23. Qd2 f5 24. dxc5 bxc5 25. e4 Qe6 26. Qh6 dxe4 27. Rde1 c4 28. Bc1 Ne5 29. Nxe4 fxe4 30. Rxe4 Qb6+ 31. Be3 Qc6 32. Bd4 Rxd4 33. cxd4 Nxf3+ 34. gxf3 Rxe4 35. Rxe4 c3 36. Re7 1-0

[Event "FRA-chT2W 0203"]
[Site "France"]
[Date "2002.12.08"]
[Round "4"]
[White "Belkhodja, Slim"]
[Black "Vareille, Francois"]
[Result "1-0"]
[WhiteElo "2497"]
[BlackElo "2408"]
[PlyCount "93"]
[EventDate "2002.10.??"]
[EventType "team"]
[EventRounds "11"]
[EventCountry "FRA"]
[SourceTitle "EXT 2004"]
[Source "ChessBase"]
[SourceDate "2003.11.25"]
[SourceVersion "1"]
[SourceVersionDate "2003.11.25"]
[SourceQuality "1"]
[WhiteTeam "Evry"]
[BlackTeam "Le Chesnay"]
[WhiteTeamCountry "FRA"]
[BlackTeamCountry "FRA"]

1. e4 c5 2. Nf3 g6 3. c3 Bg7 4. d4 cxd4 5. cxd4 d5 6. e5 Nc6 7. h3 f6 8. Bb5 Nh6 9. 0-0 0-0 10. Nc3 e6 11. exf6 Qxf6 12. Bg5 Qf5 13. Bd3 Qf7 14. Qd2 Nf5 15. Bxf5 Qxf5 16. Bh6 Bd7 17. Bxg7 Kxg7 18. Rfe1 Rac8 19. Re3 Qf4 20. Rae1 Rf6 21. Ne2 Qc7 22. Nc1 Rcf8 23. Nd3 Bc8 24. Qc3 Qd6 25. Nde5 Ne7 26. Rc1 Rd8 27. Qc7 Rff8 28. Qxd6 Rxd6 29. Rc7 Re8 30. Rec3 h6 31. Rxe7+ Rxe7 32. Rxc8 g5 33. Kf1 Ra6 34. a3 Rb6 35. Rc2 Kf6 36. Ke2 h5 37. Ne1 Rg7 38. N1d3 Re7 39. Rc8 Kg7 40. g4 hxg4 41. hxg4 Kf6 42. Rg8 Rg7 43. Rh8 Ke7 44. Kd2 Kf6 45. Rd8 Ke7 46. Rd7+ Kf6 47. f4 1-0

[Event "FRA-chT2W 0203"]
[Site "France"]
[Date "2002.11.17"]
[Round "3"]
[White "Vareille, Francois"]
[Black "Fantin, Ludwig"]
[Result "1/2-1/2"]
[WhiteElo "2408"]
[BlackElo "2255"]
[PlyCount "45"]
[EventDate "2002.10.??"]
[EventType "team"]
[EventRounds "11"]
[EventCountry "FRA"]
[SourceTitle "EXT 2004"]
[Source "ChessBase"]
[SourceDate "2003.11.25"]
[SourceVersion "1"]
[SourceVersionDate "2003.11.25"]
[SourceQuality "1"]
[WhiteTeam "Le Chesnay"]
[BlackTeam "Clermont Ferrand"]
[WhiteTeamCountry "FRA"]
[BlackTeamCountry "FRA"]

1. d4 d5 2. c4 c6 3. Nc3 Nf6 4. e3 e6 5. Nf3 Nbd7 6. Bd3 Bd6 7. e4 dxe4 8. Nxe4 Nxe4 9. Bxe4 e5 10. 0-0 exd4 11. Qxd4 Qf6 12. Bg5 Qxd4 13. Nxd4 g6 14. Bxc6 bxc6 15. Rfe1+ Be5 16. Bh6 f6 17. f4 Kf7 18. fxe5 Nxe5 19. Bf4 Nd3 20. Rf1 Nxb2 21. Be5 Bf5 22. Nxf5 fxe5 23. Nd4+ 1/2-1/2

[Event "FRA-chT2W 0203"]
[Site "France"]
[Date "2002.10.13"]
[Round "1"]
[White "Vareille, Francois"]
[Black "Mohandesi, Shahin"]
[Result "1/2-1/2"]
[WhiteElo "2408"]
[BlackElo "2358"]
[PlyCount "124"]
[EventDate "2002.10.??"]
[EventType "team"]
[EventRounds "11"]
[EventCountry "FRA"]
[SourceTitle "EXT 2004"]
[Source "ChessBase"]
[SourceDate "2003.11.25"]
[SourceVersion "1"]
[SourceVersionDate "2003.11.25"]
[SourceQuality "1"]
[WhiteTeam "Le Chesnay"]
[BlackTeam "Bagneux"]
[WhiteTeamCountry "FRA"]
[BlackTeamCountry "FRA"]

1. d4 Nf6 2. c4 e6 3. g3 c5 4. d5 exd5 5. cxd5 d6 6. Nc3 a6 7. a4 g6 8. Bg2 Bg7 9. Nf3 0-0 10. 0-0 Re8 11. Bf4 Ne4 12. Nxe4 Rxe4 13. Nd2 Rxf4 14. gxf4 Bxb2 15. Nc4 Bxa1 16. Qxa1 Bg4 17. f3 Bc8 18. Rb1 Nd7 19. Nxd6 Qe7 20. Ne4 h6 21. Qc3 b6 22. Bh3 f5 23. Nf2 Qd6 24. Qd2 Nf6 25. e4 fxe4 26. Bxc8 e3 27. Qxe3 Rxc8 28. Ne4 Qd8 29. Rd1 Qf8 30. d6 Nd7 31. Kh1 Kh7 32. Rg1 Re8 33. Qd3 Qxf4 34. Nxc5 Ne5 35. Qe4 Qxf3+ 36. Qxf3 Nxf3 37. Rf1 bxc5 38. Rxf3 Rd8 39. Rc3 Rxd6 40. Rxc5 g5 41. Kg2 Kg6 42. Ra5 Kf6 43. Kf3 Re6 44. Kg4 Kg6 45. Kf3 Kh5 46. Kg3 Rb6 47. Kh3 Kg6 48. Kg4 Rf6 49. Kg3 Kf7 50. Kg4 Ke7 51. Kg3 Kf7 52. Kg4 Ke7 53. Kh5 Kd7 54. Kg4 Kc7 55. Kh5 Kb6 56. Re5 Rf2 57. a5+ Kb7 58. Kxh6 Rxh2+ 59. Kxg5 Rf2 60. Rf5 Re2 61. Kf4 Kc6 62. Re5 Rxe5 1/2-1/2

[Event "FRA-chT2"]
[Site "France"]
[Date "2002.03.??"]
[Round "11.1"]
[White "Navrotescu, Catalin"]
[Black "Vareille, Francois"]
[Result "1/2-1/2"]
[WhiteElo "2430"]
[BlackElo "2402"]
[PlyCount "25"]
[EventDate "2002.??.??"]
[EventType "team"]
[EventRounds "11"]
[EventCountry "FRA"]
[SourceTitle "EXT 2003"]
[Source "ChessBase"]
[SourceDate "2002.11.25"]
[SourceVersion "1"]
[SourceVersionDate "2002.11.25"]
[SourceQuality "1"]

1. d4 Nf6 2. c4 g6 3. Nc3 d5 4. cxd5 Nxd5 5. e4 Nxc3 6. bxc3 Bg7 7. Ba3 Nd7 8. Nf3 c5 9. Qb3 0-0 10. Be2 Qc7 11. 0-0 Rb8 12. e5 e6 13. Nd2 1/2-1/2

[Event "FRA-chT2"]
[Site "France"]
[Date "2002.01.??"]
[Round "6"]
[White "Cousigne, Frederic"]
[Black "Vareille, Francois"]
[Result "1/2-1/2"]
[WhiteElo "2249"]
[BlackElo "2402"]
[PlyCount "48"]
[EventDate "2002.??.??"]
[EventType "team"]
[EventRounds "11"]
[EventCountry "FRA"]
[SourceTitle "EXT 2003"]
[Source "ChessBase"]
[SourceDate "2002.11.25"]
[SourceVersion "1"]
[SourceVersionDate "2002.11.25"]
[SourceQuality "1"]

1. e4 c5 2. Nf3 Nc6 3. Bb5 e6 4. Bxc6 bxc6 5. 0-0 Ne7 6. d3 Ng6 7. Nc3 e5 8. Ne2 Be7 9. b3 0-0 10. Ng3 d6 11. Be3 Nf4 12. Qd2 g5 13. Nf5 Bxf5 14. exf5 Qd7 15. g4 h5 16. Bxf4 gxf4 17. h3 Kh8 18. Kh1 Rg8 19. Rg1 Rg7 20. Rg2 Rag8 21. Rag1 Bd8 22. Qe1 Bc7 23. c4 Re8 24. Nh4 d5 1/2-1/2

[Event "FRA-chT2"]
[Site "France"]
[Date "2001.12.??"]
[Round "4"]
[White "Hernandez Guerrero, Gilberto Eduardo"]
[Black "Vareille, Francois"]
[Result "1-0"]
[WhiteElo "2547"]
[BlackElo "2402"]
[PlyCount "115"]
[EventDate "2002.??.??"]
[EventType "team"]
[EventRounds "11"]
[EventCountry "FRA"]
[SourceTitle "EXT 2003"]
[Source "ChessBase"]
[SourceDate "2002.11.25"]
[SourceVersion "1"]
[SourceVersionDate "2002.11.25"]
[SourceQuality "1"]

1. e4 c5 2. Nf3 Nc6 3. d4 cxd4 4. Nxd4 g6 5. Nc3 Bg7 6. Be3 Nf6 7. Bc4 Qa5 8. 0-0 0-0 9. Bb3 d6 10. h3 Bd7 11. Re1 Rfe8 12. Qe2 Qh5 13. Qxh5 Nxh5 14. Rad1 Nxd4 15. Bxd4 Bc6 16. Nd5 Bxd4 17. Rxd4 Rac8 18. Nb4 Kf8 19. e5 dxe5 20. Rxe5 Red8 21. Nxc6 bxc6 22. Rxd8+ Rxd8 23. g3 Ke8 24. Ba4 Rc8 25. Kf1 Nf6 26. Ke2 Nd7 27. Ra5 Rc7 28. h4 e6 29. c4 Nb6 30. Kd3 Kd8 31. Bc2 Kc8 32. Kc3 Nd7 33. g4 h6 34. g5 hxg5 35. hxg5 Kb8 36. Be4 Kc8 37. f4 Kd8 38. b4 Kc8 39. Kd4 Kd8 40. c5 Kc8 41. Ra3 Kd8 42. Ra5 e5+ 43. fxe5 Nf8 44. Kc4 Ne6 45. Bg2 Nxg5 46. Ra3 Kc8 47. Rd3 Re7 48. Bxc6 Rxe5 49. b5 Ne6 50. Bd7+ Kc7 51. Bxe6 Rxe6 52. Ra3 a6 53. bxa6 Kb8 54. a7+ Ka8 55. Kb5 f5 56. c6 Re2 57. c7 Rc2 58. Kb6 1-0

[Event "Avoine op 16th"]
[Site "Avoine"]
[Date "2001.??.??"]
[Round "1"]
[White "Vaillant, Stephane"]
[Black "Vareille, Francois"]
[Result "0-1"]
[WhiteElo "2090"]
[BlackElo "2405"]
[PlyCount "108"]
[EventDate "2001.07.??"]
[EventType "swiss"]
[EventRounds "7"]
[EventCountry "FRA"]
[SourceTitle "EXT 2003"]
[Source "ChessBase"]
[SourceDate "2002.11.25"]
[SourceVersion "1"]
[SourceVersionDate "2002.11.25"]
[SourceQuality "1"]

1. d4 Nf6 2. Nf3 g6 3. c4 Bg7 4. Nc3 d5 5. Bf4 0-0 6. e3 c5 7. dxc5 Ne4 8. Rc1 Nxc3 9. bxc3 dxc4 10. Qxd8 Rxd8 11. Bxc4 Nd7 12. Bc7 Rf8 13. c6 bxc6 14. 0-0 Nb6 15. Bxb6 axb6 16. Nd4 Bd7 17. Bb3 c5 18. Ne2 b5 19. c4 Rfc8 20. Rfd1 Be6 21. cxb5 c4 22. Bc2 Rxa2 23. Nf4 Bb2 24. Rb1 Be5 25. Nxe6 fxe6 26. Be4 c3 27. Rbc1 c2 28. Re1 Bc3 29. Kf1 Bxe1 30. Kxe1 Rb2 31. Kd2 Rd8+ 32. Ke2 Rxb5 33. Rxc2 Kf7 34. g3 Rdb8 35. h4 Kf6 36. Kf3 Ke5 37. Bd3 Rb3 38. Bc4 Rb1 39. Ra2 R1b2 40. Ra6 Rf8+ 41. Kg4 Rf6 42. f4+ Ke4 43. Rxe6+ Rxe6 44. Bxe6 Rb5 45. Bg8 h5+ 46. Kh3 Kxe3 47. Bf7 Rb6 48. Be8 Kf2 49. Kh2 Kf3 50. Bd7 Rb2+ 51. Kh3 Kf2 52. g4 Rb3+ 53. Kh2 hxg4 54. Bxg4 Rb4 0-1

[Event "Avoine op 16th"]
[Site "Avoine"]
[Date "2001.??.??"]
[Round "4"]
[White "Vareille, Francois"]
[Black "Heurtebize, Olivier"]
[Result "1-0"]
[WhiteElo "2405"]
[BlackElo "2205"]
[PlyCount "113"]
[EventDate "2001.07.??"]
[EventType "swiss"]
[EventRounds "7"]
[EventCountry "FRA"]
[SourceTitle "EXT 2003"]
[Source "ChessBase"]
[SourceDate "2002.11.25"]
[SourceVersion "1"]
[SourceVersionDate "2002.11.25"]
[SourceQuality "1"]

1. d4 d5 2. c4 e6 3. Nc3 c6 4. Bf4 dxc4 5. e3 b5 6. a4 Bb4 7. axb5 Qd5 8. Qg4 g6 9. Qg3 Qxb5 10. e4 Nf6 11. Qe3 Nbd7 12. Nf3 Ng4 13. Qc1 e5 14. Bd2 Qb8 15. h3 Ngf6 16. Bxc4 exd4 17. Nxd4 Ne5 18. Be2 Qd6 19. Be3 Nxe4 20. 0-0 Bxc3 21. bxc3 0-0 22. Re1 f5 23. Bf4 Re8 24. Qe3 Qc5 25. Ra4 Bd7 26. Bxe5 Rxe5 27. Bc4+ Kh8 28. Bb3 Rae8 29. Rc1 a5 30. Qd3 Qb6 31. Rb1 Nc5 32. Qc4 Nxa4 33. Qf7 c5 34. Nf3 R5e7 35. Qc4 Rb8 36. Qh4 Re4 37. g4 fxg4 38. Ba2 Qxb1+ 39. Bxb1 Rxb1+ 40. Kh2 g3+ 41. Qxg3 Kg7 42. Nd2 Nxc3 43. Qxc3+ Kf7 44. Nxe4 Bf5 45. Ng5+ Ke8 46. Nxh7 a4 47. Qe5+ Kd8 48. Qd6+ Kc8 49. Qc6+ Kd8 50. Qxc5 Rb3 51. Qd5+ Ke7 52. Ng5 Rd3 53. Qe5+ Kf8 54. Qf6+ Ke8 55. Qc6+ Ke7 56. Qxa4 Kf6 57. h4 1-0

[Event "FRA-ch Accession"]
[Site "Vichy"]
[Date "2000.08.23"]
[Round "7"]
[White "Vareille, Francois"]
[Black "Taddei, Benoit"]
[Result "1-0"]
[WhiteElo "2411"]
[BlackElo "2278"]
[PlyCount "55"]
[EventDate "2000.08.16"]
[EventType "swiss"]
[EventRounds "11"]
[EventCountry "FRA"]
[SourceTitle "EXT 2001"]
[Source "ChessBase"]
[SourceDate "2000.11.22"]
[SourceVersion "1"]
[SourceVersionDate "2000.11.22"]
[SourceQuality "1"]

1. d4 d5 2. c4 Nc6 3. Nc3 dxc4 4. Nf3 Nf6 5. Bg5 a6 6. e3 b5 7. a4 b4 8. Nb1 Qd5 9. Qc2 Na5 10. Nbd2 Bf5 11. Qc1 c3 12. bxc3 bxc3 13. Qxc3 Ne4 14. Qxc7 f6 15. Bh4 g5 16. Bg3 g4 17. Nxe4 Bxe4 18. Nd2 Bxg2 19. Bxg2 Qxg2 20. Ke2 Qd5 21. e4 Qd8 22. Rhc1 Bh6 23. Rab1 Bxd2 24. Qxd8+ Rxd8 25. Kxd2 Kf7 26. d5 Rd7 27. Bc7 e6 28. d6 1-0

[Event "Agneaux St Lo GM 02nd"]
[Site "Agneaux"]
[Date "2000.07.15"]
[Round "8"]
[White "Belkhodja, Slim"]
[Black "Vareille, Francois"]
[Result "1-0"]
[WhiteElo "2440"]
[BlackElo "2411"]
[PlyCount "61"]
[EventDate "2000.07.08"]
[EventType "tourn"]
[EventRounds "9"]
[EventCountry "FRA"]
[EventCategory "7"]
[SourceTitle "EXT 2001"]
[Source "ChessBase"]
[SourceDate "2000.11.22"]
[SourceVersion "1"]
[SourceVersionDate "2000.11.22"]
[SourceQuality "1"]

1. e4 e6 2. d3 c5 3. Nf3 Nc6 4. g3 Nge7 5. Bg2 g6 6. 0-0 Bg7 7. c3 0-0 8. Na3 h6 9. Be3 b6 10. Qd2 Kh7 11. d4 cxd4 12. Nxd4 Bb7 13. f4 a6 14. Rad1 Qc7 15. f5 exf5 16. exf5 Nxd4 17. fxg6+ fxg6 18. Bxd4 Rxf1+ 19. Rxf1 Nf5 20. Bxg7 Kxg7 21. Bxb7 Qxb7 22. Nc2 Qc6 23. Nd4 Qc5 24. b4 Qe5 25. Nxf5+ gxf5 26. Re1 Qb5 27. Re7+ Kf8 28. Rxd7 Qe5 29. Qxh6+ Ke8 30. Rd1 Ra7 31. Qc6+ 1-0